Представление документа в формате MARC21

Поле Инд. ПП Название Значение
Тип записи a
Библиографический уровень a
001 Контрольный номер RU/IS/BASE/433424963
005 Дата корректировки 20140911132541.7
020 a ISBN 978-5-7609-0548-2
040 a Служба первич. каталог. НБ ТвГУ
b Код языка каталог. rus
e Правила каталог. PSBO
041 0_ a Код языка текста rus
100 1_ a Автор Байгунисова Г. И.
245 10 a Заглавие К вопросу о взаимодействии языкового и этнокультурного сознания
260 a Место издания Тверь
b Издательство Тверской государственный университет
c Дата издания 2009
504 a Библиография Библиогр.: с. 41 (8 назв.)
520 a Аннотация Были проведены исследования в области когнитивной лингвистике и психолингвистике. Проблемы языкового и этнокультурного сознания требуют детальных исследований с привлечением данных различных языков с учетом коммуникативного, психического и культурного факторов.
653 a Ключевые слова Этнокультурное сознание
653 1_ a Ключевые слова Культурные факторы
653 1_ a Ключевые слова Когнитивная лингвистика
653 1_ a Ключевые слова Лингвистика
653 1_ a Ключевые слова Труды Тверского государственного университета
700 1_ a Другие авторы Шаймерденова, Н. Ж.
773 08 w Контрольный № источника RU/IS/BASE/430228138
t Название источника Горизонты психолингвистики
d Место и дата издания Тверь : Тверской государственный университет, 2009
g Прочая информация С. 36-41
901 t Тип документа a
920 a Оператор Кома